000 00606nam a2200193Ia 4500
003 GCL
008 140319s9999 xx 000 0 eng d
020 _a081575454X
040 _aGCL /
_cGCL
082 0 4 _a353.0089
_bM Q
100 1 _aMANN, THOMAS E.
245 1 0 _aA QUESTION OF BALANCE :
_bTHE PRESIDENT, THE CONGRESS, AND FOREIGN POLICY /
_cMANN, THOMAS E.
260 _aنيويورك :
_bTHE BROOKINGS INSTITUTION ،
_c1990
300 _a23 CM ؛
_cIX,265 P
650 0 4 _aUNITED STATES - FOREIGN RELATIONS
650 0 4 _aPRESIDENTS - U.S.A
650 0 4 _aUNITED STATES - CONGRESS
942 _2ddc
_cBK
999 _c1005
_d1005